[Event "Sumr Classic (Reserve)"]
[Site "Boise, ID"]
[Date "2011.07.09"]
[Round "1.1"]
[White "Lang, Jamie"]
[Black "Pemsler, Carmen"]
[Result "1-0"]
[WhiteElo "1321"]
[BlackElo "1167"]

1. e4 c6 2. d4 d5 3. Nc3 e6 4. e5 c5 5. Nf3 Nc6 6. Bb5 Bd7 7. Be3 cxd4 8. Bxd4
Nxd4 9. Bxd7+ Qxd7 10. Qxd4 f6 11. O-O fxe5 12. Nxe5 Qd8 13. Qa4+ Ke7 14. Rfe1
Qb6 15. Ng6+ Kd8 16. Nxf8 Qc6 17. Nxe6+ Kc8 18. Qd4 Nf6 19. Nxg7 Rg8 20. Nf5
Qb6 21. Ne7+ Kd7 22. Qa4+ Kd6 23. Nb5+ Kc5 24. b4+ Kc4 25. Na3+ Kc3 26. Qb3+
Kd4 27. Rad1# 1-0

[Event "Sumr Classic (Reserve)"]
[Site "Boise, ID"]
[Date "2011.07.09"]
[Round "2.4"]
[White "Pemsler, Carmen"]
[Black "VanderSys, Kaleb B"]
[Result "1-0"]
[WhiteElo "1167"]
[BlackElo "501"]

1. c4 e5 2. Nc3 Bc5 3. Nf3 Nc6 4. e3 d6 5. d4 exd4 6. exd4 Bb4 7. Bg5 f6 8.
Bf4 Qe7+ 9. Be2 Bf5 10. a3 Bxc3+ 11. bxc3 g5 12. Be3 g4 13. Nd2 O-O-O 14. O-O
d5 15. cxd5 Rxd5 16. c4 Rd8 17. d5 Ne5 18. Bxa7 Nh6 19. Re1 Ng6 20. Bxg4 Bxg4
21. Rxe7 Bxd1 22. Re1 Bh5 23. Bd4 Rhe8 24. Bxf6 Rxe1+ 25. Rxe1 Rf8 26. Bg7 Rf7
27. Bxh6 Rf6 28. Bg5 Rf5 29. Re8+ Kd7 30. Rd8# 1-0

[Event "Sumr Classic (Reserve)"]
[Site "Boise, ID"]
[Date "2011.07.10"]
[Round "4.3"]
[White "Pemsler, Carmen"]
[Black "Patterson, Kevin R"]
[Result "1/2-1/2"]
[WhiteElo "1167"]
[BlackElo "1246"]

1. c4 g6 2. Nc3 Bg7 3. g3 d6 4. Bg2 Nc6 5. Nf3 Bxc3 6. bxc3 e5 7. d4 h6 8. O-O
b6 9. dxe5 Nge7 10. Nd4 Bb7 11. exd6 Qxd6 12. Bf4 Qd7 13. Nxc6 Qxd1 14. Rfxd1
Nxc6 15. Bxc7 Rc8 16. Bf4 g5 17. Bd6 Ba6 18. Bd5 Na5 19. c5 bxc5 20. e4 Rg8
21. e5 Bb7 22. Bxb7 Nxb7 23. Rab1 Nd8 24. Rb8 Rxb8 25. Bxb8 Nc6 26. Bd6 c4
{#d} 1/2-1/2

[Event "Idaho Closed"]
[Site "Boise, ID"]
[Date "2012.02.18"]
[Round "1.3"]
[White "Stewart, Timothy"]
[Black "Pemsler, Carmen"]
[Result "1-0"]
[WhiteElo "1901"]
[BlackElo "1320"]

1. d4 f5 2. Nf3 Nf6 3. Bg5 d6 4. c4 Nbd7 5. Nc3 g6 6. e3 Bg7 7. Bd3 O-O 8. Qc2
e6 9. Ne2 h6 10. Nf4 Kf7 11. d5 Nc5 12. dxe6+ Bxe6 13. Nxe6 Nxe6 14. Bh4 c6
15. Rd1 Qa5+ 16. Ke2 Rad8 17. a3 Nf4+ 18. exf4 Rde8+ 19. Kf1 Qb6 20. g3 Ne4
21. Kg2 Nc5 22. b4 Ne6 23. Rhe1 Kg8 24. c5 Qc7 25. Bxf5 {#r} 1-0

[Event "Idaho Closed"]
[Site "Boise, ID"]
[Date "2012.02.19"]
[Round "3.7"]
[White "Roland, Jeffrey T"]
[Black "Pemsler, Carmen"]
[Result "1-0"]
[WhiteElo "1725"]
[BlackElo "1901"]

1. d4 f5 2. g3 Nf6 3. Bg2 g6 4. c4 Bg7 5. Nh3 O-O 6. O-O d6 7. Nf4 e5 8. dxe5
dxe5 9. Qxd8 Rxd8 10. Nd5 Na6 11. Ne7+ Kf8 12. Nxc8 e4 13. Nxa7 Rxa7 14. Nc3
Raa8 15. f3 exf3 16. exf3 c6 17. Be3 Kg8 18. a3 Rd7 19. Rad1 Rad8 20. Bb6 Rxd1
21. Rxd1 Rxd1+ 22. Nxd1 Nd7 23. Be3 Nac5 24. b4 Ne6 25. f4 Nd4 26. b5 Nb8 27.
Kf1 Nc2 28. Ba7 cxb5 29. Bd5+ Kh8 30. Bxb8 Nxa3 31. cxb5 Nxb5 32. Bxb7 Nd4 33.
Ne3 Ne6 34. Bd5 Nf8 35. Bf7 Nd7 36. Bc7 Nf6 37. Ke2 Bf8 38. Be5 Kg7 39. Be8
Be7 40. Nd5 Bd8 41. h3 Kf8 42. Bxf6 Kxe8 43. Bxd8 Kxd8 44. Kd3 h6 45. Kd4 Ke8
46. Ke5 Kf7 47. h4 Kg7 48. Ke6 {#r} 1-0

[Event "ID Scholastic Girls Ch"]
[Site "Boise, ID"]
[Date "2012.02.25"]
[Round "4.2"]
[White "Patterson, Emily N"]
[Black "Pemsler, Carmen"]
[Result "1-0"]
[WhiteElo "1416"]
[BlackElo "1367"]

1. e4 c6 2. d4 d5 3. e5 Bf5 4. c4 e6 5. Nc3 Bb4 6. f4 Ne7 7. Nf3 c5 8. a3
Bxc3+ 9. bxc3 Qa5 10. Qb3 Qb6 11. Qb5+ Qxb5 12. cxb5 cxd4 13. Nxd4 O-O 14. c4
dxc4 15. Bxc4 Nd7 16. Be3 Rfc8 17. Rc1 Nb6 18. Bb3 Rxc1+ 19. Bxc1 Rc8 20. O-O
Bd3 21. Rd1 Be4 22. Kf2 Nf5 23. g4 Nxd4 24. Rxd4 Bd5 25. Bxd5 Nxd5 26. Be3 h6
27. f5 exf5 28. Rxd5 Rc2+ 29. Rd2 Rxd2+ 30. Bxd2 fxg4 31. Ke3 Kf8 32. Kd4 Ke7
33. Bb4+ Kd7 34. Bf8 b6 35. Kd5 h5 36. Bxg7 h4 37. Bh6 g3 38. h3 g2 39. Be3
Kc7 40. Ke4 Kd7 41. Kf3 Ke6 42. Ke4 Ke7 43. Kf5 Ke8 44. Kg5 Ke7 45. Kxh4 Ke6
46. Kg5 Kxe5 47. h4 f6+ 48. Kg4 f5+ 49. Kf3 Kf6 50. Kxg2 Kg6 51. Kf3 {#r} 1-0

[Event "ID Scholastic Girls Ch"]
[Site "Boise, ID"]
[Date "2012.02.25"]
[Round "6.2"]
[White "Pemsler, Carmen"]
[Black "Patterson, Emily N"]
[Result "1-0"]
[WhiteElo "1367"]
[BlackElo "1416"]

1. c4 b6 2. Nc3 Bb7 3. d3 e5 4. Nf3 Nc6 5. Bg5 Be7 6. Bxe7 Qxe7 7. g3 f5 8. e3
Nf6 9. Bh3 g6 10. O-O Qd6 11. Nb5 Qc5 12. Nxc7+ Kf7 13. Nxa8 Rxa8 14. Qb3 Na5
15. Qd1 e4 16. dxe4 Nxe4 17. Qxd7+ Qe7 18. Ne5+ Kf6 19. Qxe7+ Kxe7 20. Rad1
Rd8 21. Rxd8 Kxd8 22. Rd1+ Ke7 23. Rd7+ Kf6 24. b4 Kxe5 25. bxa5 Nc5 26. Re7+
Kf6 27. Rxh7 Ne6 28. Rxb7 bxa5 29. Rxa7 {#r} 1-0

[Event "ICA Players Mem-Open"]
[Site "Boise, ID"]
[Date "2012.05.19"]
[Round "3.6"]
[White "Pemsler, Carmen"]
[Black "Roland, Jeffrey T"]
[Result "1/2-1/2"]
[WhiteElo "1364"]
[BlackElo "1700"]

1. c4 Nf6 2. Nc3 e6 3. g3 d5 4. cxd5 exd5 5. d4 g6 6. Bg2 Bg7 7. Nf3 O-O 8.
O-O Re8 9. Ne5 c6 10. Bg5 Qd6 11. Bf4 Qb4 12. Qd2 Nh5 13. Nd3 Qxd4 14. Be3 Qg4
15. f3 Qe6 16. Bg5 Nd7 17. g4 Nhf6 18. Nf4 Qd6 19. e4 Qc5+ 20. Qf2 Qxf2+ 21.
Rxf2 Nxg4 22. fxg4 h6 23. Nfxd5 cxd5 24. Nxd5 Ne5 25. Nc7 Bxg4 26. Nxa8 hxg5
27. Nc7 {#d} 1/2-1/2

[Event "WIO (Open)"]
[Site "Boise, ID"]
[Date "2012.12.08"]
[Round "1.7"]
[White "Pemsler, Carmen"]
[Black "Baggett, Jeff M"]
[Result "1-0"]
[WhiteElo "1474"]
[BlackElo "1722"]

1. c4 Nf6 2. Nc3 e6 3. e3 b6 4. Nf3 Bb7 5. d3 d5 6. cxd5 exd5 7. d4 Bd6 8. Bd3
O-O 9. O-O c5 10. b3 a6 11. a4 Nbd7 12. Ba3 Qe7 13. Re1 Rac8 14. Qe2 Ne4 15.
Rac1 Ndf6 16. Bxa6 Nxc3 17. Rxc3 Ne4 18. Rcc1 Rfd8 19. Bxb7 Qxb7 20. Red1 Qe7
21. Qb5 Qf6 22. Qe2 h6 23. Bb2 Qe6 24. Nd2 Nf6 25. Nf3 Nh5 26. Re1 Re8 27. Qd2
f5 28. Qd1 Nf6 29. Rc2 Ne4 30. Nd2 Qg6 31. Nxe4 dxe4 32. g3 f4 33. exf4 Bxf4
34. Rce2 c4 35. bxc4 Rxc4 36. Qb3 Rec8 37. Rxe4 Bxg3 38. hxg3 Kh7 39. Re6 Rc2
{#r} 1-0

[Event "WIO (Open)"]
[Site "Boise, ID"]
[Date "2012.12.09"]
[Round "4.6"]
[White "Pemsler, Carmen"]
[Black "Edvalson, Paul"]
[Result "0-1"]
[WhiteElo "1474"]
[BlackElo "1545"]

1. c4 f5 2. Nc3 e5 3. g3 Nf6 4. Bg2 g6 5. e3 Bg7 6. Nge2 Nc6 7. a3 a5 8. O-O
O-O 9. d3 d6 10. Nd5 Ne7 11. Nec3 c6 12. Nxf6+ Bxf6 13. Bd2 Kh8 14. Re1 Be6
15. Rb1 Qd7 16. Qe2 d5 17. cxd5 cxd5 18. d4 e4 19. Qb5 Nc6 20. Na4 Qg7 21. Nc5
Bc8 22. Nb3 Qf7 23. Nxa5 Nd8 24. Nb3 Bd7 25. Qe2 g5 26. Rbc1 Ne6 27. Bb4 Rg8
28. Bd6 Bg7 29. Bh3 Qg6 30. Nc5 Nxc5 31. Rxc5 Bc6 32. Bg2 f4 33. f3 Bxd4 34.
exd4 Qxd6 35. fxe4 dxe4 36. Bxe4 fxg3 37. hxg3 Qxg3+ 38. Bg2 Bxg2 39. Rc3 Bf3+
40. Kf1 Raf8 41. Rxf3 Rxf3+ {#R} 0-1

[Event "WIO (Open)"]
[Site "Boise, ID"]
[Date "2012.12.09"]
[Round "5.8"]
[White "Pemsler, Carmen"]
[Black "Nathan, Jacob Ari"]
[Result "1-0"]
[WhiteElo "1474"]
[BlackElo "687"]

1. c4 e5 2. Nc3 Nf6 3. g3 Bc5 4. Bg2 O-O 5. e3 d6 6. Nge2 Nc6 7. O-O Be6 8. d3
Bg4 9. a3 Qd7 10. Re1 Bh3 11. Bh1 Ng4 12. d4 Qf5 13. Ne4 exd4 14. exd4 Rae8
15. f3 Rxe4 16. fxg4 Rxg4 17. Bf4 Nxd4 18. Nxd4 Qxf4 19. Bf3 Bxd4+ 20. Kh1
Rxg3 21. hxg3 Qxg3 22. Qe2 c5 23. Bxb7 h6 24. Rab1 Qh4 25. Qh2 Bf2 26. Re4
Qxe4+ 27. Bxe4 {#r} 1-0

[Event "Idaho Closed"]
[Site "Twin Falls, ID"]
[Date "2013.02.16"]
[Round "2.3"]
[White "Pemsler, Carmen"]
[Black "Gorman, Cody Austin"]
[Result "1/2-1/2"]
[WhiteElo "1465"]
[BlackElo "1712"]

1. c4 e5 2. Nc3 g6 3. g3 Bg7 4. Bg2 Ne7 5. e3 Nbc6 6. a3 a5 7. Nge2 Nf5 8. d3
h5 9. e4 Nfd4 10. h4 d6 11. Nxd4 Nxd4 12. Bg5 f6 13. Be3 Ne6 14. b4 Bd7 15.
Nd5 Nd4 16. Bxd4 exd4 17. Rb1 axb4 18. axb4 Ba4 19. Qe2 Bd7 {#d} 1/2-1/2

[Event "Idaho Closed"]
[Site "Twin Falls, ID"]
[Date "2013.02.16"]
[Round "2.6"]
[White "Douglas, Kurt P"]
[Black "Pemsler, Alise"]
[Result "1-0"]
[WhiteElo "1751"]
[BlackElo "570"]

1. e4 e5 2. Nf3 Nf6 3. Nxe5 d6 4. Nf3 Nxe4 5. d4 Nc6 6. Bd3 d5 7. O-O Bd6 8.
Re1 O-O 9. Bxe4 dxe4 10. Rxe4 Bf5 11. Re1 h6 12. c3 Re8 13. Be3 Qf6 14. Nbd2
Bd3 15. Nf1 Qg6 16. Ng3 Qg4 17. Qxd3 Qh4 18. Nxh4 Be7 19. Nhf5 Bh4 20. Nxh4 g5
21. Nhf5 Re6 22. Bd2 Rae8 23. Rxe6 Rxe6 24. Re1 Re5 25. dxe5 Nd8 26. Qxd8+ Kh7
27. Qf8 {#r} 1-0

[Event "Idaho Closed"]
[Site "Twin Falls, ID"]
[Date "2013.02.17"]
[Round "4.3"]
[White "Pemsler, Carmen"]
[Black "Kircher, Caleb Paul"]
[Result "1-0"]
[WhiteElo "1465"]
[BlackElo "1845"]

1. c4 e6 2. Nc3 d5 3. cxd5 exd5 4. d4 Nf6 5. g3 Bd6 6. Bg2 c6 7. Bg5 O-O 8.
Nf3 h6 9. Bxf6 Qxf6 10. O-O Bf5 11. Re1 Re8 12. Qb3 Na6 13. a3 Re7 14. e3 Rae8
15. Nh4 Bh7 16. Bxd5 cxd5 17. Nxd5 Qe6 18. Nxe7+ Qxe7 19. Qd5 b6 20. Nf5 Qg5
21. Qxd6 Bxf5 22. Qf4 Qg6 23. Rac1 Bc8 24. Qf3 Bf5 25. Rc6 Qh7 26. Qe2 Be4 27.
Rc3 Nb8 28. f3 Bd5 29. Qb5 Qf5 30. Qxe8+ Kh7 31. e4 {#r} 1-0

[Event "Idaho Closed"]
[Site "Twin Falls, ID"]
[Date "2013.02.18"]
[Round "5.2"]
[White "Parsons, Larry R"]
[Black "Pemsler, Carmen"]
[Result "1-0"]
[WhiteElo "2000"]
[BlackElo "1465"]

1. c4 e5 2. g3 Nc6 3. Bg2 Nf6 4. Nc3 g6 5. Nf3 Bg7 6. O-O O-O 7. Rb1 a5 8. a3
d5 9. cxd5 Nxd5 10. Nxe5 Nxc3 11. Nxc6 Nxd1 12. Nxd8 Nxb2 13. Nc6 bxc6 14.
Bxb2 Ra6 15. Bxg7 Kxg7 16. Rfc1 Bd7 17. Rc5 Re8 18. e3 Re6 19. Rbc1 Rd6 20. d4
Rf6 21. Kf1 Kf8 22. Ke2 Ke8 23. e4 Re6 24. Kd3 Kd8 25. f4 Rd6 26. R1c4 Be6 27.
Ra4 Rb6 28. e5 Bf5+ 29. Kc3 Re6 30. Raxa5 Kd7 31. d5 cxd5 32. Bxd5 Re7 33. Ra7
Kc8 34. Bc6 Rb8 35. Bb5 Kd8 36. a4 Be4 37. Rc4 Bd5 38. Rd4 c6 39. Rxe7 Kxe7
40. Bc4 Ra8 41. Bxd5 cxd5 42. Rb4 Ra6 43. Kb3 Kd7 44. Rb7+ Ke6 45. Kb4 d4 46.
Kb5 Ra8 47. Rb6+ Kd5 48. Rd6+ Ke4 49. a5 d3 50. a6 Ke3 51. Kb6 d2 52. Kb7 Re8
53. Rd7 Ke2 54. a7 d1=Q 55. Rxd1 Kxd1 56. a8=Q Rxa8 57. Kxa8 Kd2 58. Kb7 Ke3
59. Kc6 Ke4 60. Kd6 Kf5 61. Ke7 {#r} 1-0

[Event "ICA Summer Classic (Open)"]
[Site "Boise, ID"]
[Date "2013.08.17"]
[Round "1.3"]
[White "Pemsler, Carmen"]
[Black "Pitre, Hanniegn"]
[Result "1/2-1/2"]
[WhiteElo "1635"]
[BlackElo "1839"]
[EventRounds "5"]
[EventCountry "USA"]

1. c4 Nf6 2. Nc3 g6 3. g3 Bg7 4. Bg2 O-O 5. e4 d6 6. Nge2 c5 7. O-O Nc6 8. d3
a6 9. h3 e6 10. Be3 Nd7 11. Qd2 Re8 12. f4 Nd4 13. Bxd4 cxd4 14. Nb1 Rb8 15.
Qc2 b5 16. Nd2 d5 17. cxd5 exd5 18. e5 Nxe5 19. fxe5 Bxe5 20. Nf3 Qb6 21. Rac1
Bg7 22. Nf4 Be6 23. Qc6 Qa5 24. Nxe6 fxe6 25. a3 Bh6 26. Rce1 Be3+ 27. Kh2
Rbc8 28. Qd7 Qc7 29. Qxc7 Rxc7 30. Re2 Rec8 {#d} 1/2-1/2

[Event "ICA Summer Classic (Open)"]
[Site "Boise, ID"]
[Date "2013.08.17"]
[Round "2.8"]
[White "Hamilton, Brett B"]
[Black "Pemsler, Carmen"]
[Result "0-1"]
[WhiteElo "1761"]
[BlackElo "1635"]
[EventRounds "5"]
[EventCountry "USA"]

1. d4 f5 2. c4 Nf6 3. Nc3 g6 4. Nf3 Bg7 5. Qc2 O-O 6. g3 d6 7. Bg2 Qe8 8. O-O
e5 9. d5 e4 10. Nd4 Na6 11. Rd1 Ng4 12. h3 Bxd4 13. Rxd4 Ne5 14. a3 Qe7 15.
Bh6 Re8 16. Rad1 g5 17. h4 gxh4 18. g4 Nxg4 19. Qd2 Nxh6 20. Qxh6 Kh8 21. Nxe4
fxe4 22. Rxe4 Qf7 23. Rxe8+ Qxe8 24. Qf6+ Kg8 25. Rd4 h3 26. Bf3 Qg6+ 27.
Qxg6+ hxg6 28. b4 Bf5 29. e4 Bd7 30. Kh2 Rf8 31. Kg3 Kg7 32. Rd2 g5 33. Bd1
Rg8 34. f4 gxf4+ 35. Kxf4 h2 36. Rg2+ Kf6 {#R} 0-1

[Event "ICA Summer Classic (Open)"]
[Site "Boise, ID"]
[Date "2013.08.17"]
[Round "3.4"]
[White "Hosford, Michael J"]
[Black "Pemsler, Carmen"]
[Result "1-0"]
[WhiteElo "1882"]
[BlackElo "1635"]
[EventRounds "5"]
[EventCountry "USA"]

1. e4 c6 2. d4 d5 3. f3 e6 4. Nc3 Bb4 5. Bf4 Ne7 6. Qd2 c5 7. Bb5+ Nbc6 8.
O-O-O c4 9. Nge2 a6 10. Bxc6+ bxc6 11. Qe3 O-O 12. h4 Ng6 13. Bg3 Bxc3 14.
Nxc3 f5 15. exf5 exf5 16. f4 Re8 17. Qf3 Rb8 18. h5 Nf8 19. h6 g6 20. Rde1
Rxe1+ 21. Rxe1 Qb6 22. Qe3 Qxb2+ 23. Kd2 Qb7 24. Qe5 Ra8 25. Qf6 Be6 26. Rxe6
Nxe6 27. Qxe6+ Kh8 28. Bh4 Rf8 29. Bf6+ Rxf6 30. Qe8+ Rf8 31. Qxf8# 1-0

[Event "ICA Summer Classic (Open)"]
[Site "Boise, ID"]
[Date "2013.08.18"]
[Round "4.5"]
[White "Pemsler, Carmen"]
[Black "Kobernat, Alan E"]
[Result "0-1"]
[WhiteElo "1635"]
[BlackElo "2000"]
[EventRounds "5"]
[EventCountry "USA"]

1. c4 f5 2. Nc3 Nf6 3. g3 g6 4. Bg2 Bg7 5. Nf3 d6 6. d4 O-O 7. O-O c6 8. Qb3
Qb6 9. Rd1 Na6 10. Qxb6 axb6 11. Bg5 Nc7 12. Bxf6 Bxf6 13. e3 e5 14. dxe5 dxe5
15. e4 Ne6 16. Bh3 Nd4 17. Bg2 Be6 18. Bf1 Nxf3+ 19. Kg2 Nd4 20. Bd3 f4 21.
gxf4 Bg4 22. Rdc1 Bh4 23. h3 Bf3+ 24. Kf1 Rxf4 25. Kg1 Raf8 26. Rf1 Bh5 27.
Nd1 Bxd1 28. Raxd1 Rxf2 29. Kh1 R8f3 30. Rxf2 Rxf2 31. Rf1 Rxb2 32. a3 Rb3
{#R} 0-1

[Event "ICA Summer Classic (Open)"]
[Site "Boise, ID"]
[Date "2013.08.18"]
[Round "5.9"]
[White "Douglas, Kurt P"]
[Black "Pemsler, Carmen"]
[Result "1/2-1/2"]
[WhiteElo "1707"]
[BlackElo "1635"]
[EventRounds "5"]
[EventCountry "USA"]

1. e4 c6 2. d4 d5 3. Nc3 dxe4 4. Nxe4 Bf5 5. Ng3 Bg6 6. h4 h6 7. h5 Bh7 8. Nf3
Nd7 9. Bd3 Bxd3 10. Qxd3 Qc7 11. Bd2 Ngf6 12. O-O-O e6 13. Kb1 O-O-O 14. c4
Qb6 15. Qc2 Bd6 16. c5 Nxc5 17. dxc5 Bxc5 18. Be3 Bxe3 19. fxe3 Qxe3 20. Rde1
Qd3 {#d} 1/2-1/2

[Event "ICA Summer Classic (Reserve)"]
[Site "Boise, ID"]
[Date "2013.08.17"]
[Round "1.4"]
[White "Pemsler, Alise Byer"]
[Black "Roberts, Zane A"]
[Result "0-1"]
[WhiteElo "566"]
[BlackElo "1237"]
[EventRounds "5"]
[EventCountry "USA"]

1. e4 c5 2. Nf3 g6 3. Nc3 Nc6 4. Bc4 Bg7 5. O-O e6 6. d3 Nge7 7. Ng5 Nd4 8.
Nb5 d5 9. Nxd4 Bxd4 10. Bb5+ Nc6 11. Qf3 Bf6 12. h4 Bd7 13. Be3 d4 14. Bd2 h6
15. e5 Bxg5 16. hxg5 hxg5 17. Qg3 Rh5 18. Rae1 Qe7 19. f4 gxf4 20. Qxf4 Nxe5
21. Rxe5 Bxb5 22. Qxf7+ Qxf7 23. Rxf7 Kxf7 24. Bf4 Rxe5 25. Bxe5 Rh8 {(Yes,
this move was really played, clearly written on both score sheets.--Jeff
Roland.)} 26. Bd6 c4 27. Be5 Rc8 28. Bxd4 cxd3 29. cxd3 a6 30. b3 Bxd3 31. a4
Bc2 32. b4 Bxa4 33. Be3 e5 34. g3 Rc2 35. g4 Ke6 36. Bc5 e4 37. Bf2 Ke5 38. b5
Bxb5 39. Kg2 e3 {#R} 0-1

[Event "ICA Summer Classic (Reserve)"]
[Site "Boise, ID"]
[Date "2013.08.17"]
[Round "2.5"]
[White "Fortune, Barbara Mary"]
[Black "Pemsler, Alise Byer"]
[Result "1-0"]
[WhiteElo "927"]
[BlackElo "566"]
[EventRounds "5"]
[EventCountry "USA"]

1. d4 d5 2. c4 Nf6 3. Nc3 Nc6 4. Nf3 e6 5. Bg5 Bb4 6. e3 O-O 7. Bd3 e5 8. dxe5
Be7 9. O-O Nb4 10. Nxd5 Nfxd5 11. Be4 f6 12. Bxd5+ Rf7 13. Bxf7+ Kxf7 14. Qb3
fxg5 15. c5+ Nd5 16. Qc4 c6 17. Rfd1 b5 18. Qe4 Bxc5 19. Qxh7 Bg4 20. Qe4 Bb4
21. Qxg4 Bc5 22. Nxg5+ Kg6 23. Ne6+ Qg5 24. Nxg5 Nf6 25. exf6 gxf6 26. Ne6+
Kf7 27. Nxc5 Rg8 28. Qd7+ {#r} 1-0

[Event "ICA Summer Classic (Reserve)"]
[Site "Boise, ID"]
[Date "2013.08.18"]
[Round "4.6"]
[White "Pemsler, Alise Byer"]
[Black "Blake, Isaac Robert"]
[Result "0-1"]
[WhiteElo "566"]
[BlackElo "871"]
[EventRounds "5"]
[EventCountry "USA"]

1. e4 c6 2. d4 d5 3. Nc3 dxe4 4. Nxe4 Bf5 5. Nc5 Qc7 6. Nf3 e5 7. Bc4 exd4 8.
Nxd4 Bxc5 9. Nxf5 Qa5+ 10. c3 Bxf2+ 11. Kxf2 Qxf5+ 12. Ke1 Qe5+ 13. Qe2 Qxe2+
14. Bxe2 Nf6 15. Rf1 O-O 16. b3 b5 17. Ba3 Re8 18. Rd1 Ng4 19. Rd8 Rxd8 20.
Bxg4 Nd7 21. Be7 Re8 22. Bf3 Rxe7+ 23. Kd1 Ne5 24. Bxc6 Nxc6 25. a4 bxa4 26.
bxa4 Rd8+ 27. Kc2 Re2+ 28. Kb3 Rxg2 29. h3 g5 30. Kc4 g4 31. h4 Ne5+ 32. Kc5
Rc2 33. Rf5 Nd3+ 34. Kb5 Rb2+ 35. Ka6 g3 36. Kxa7 Rd7+ 37. Ka6 g2 38. Rg5+ Kh8
39. a5 Nc5+ 40. Rxc5 g1=Q 41. Rg5 Qa7# 0-1

[Event "ICA Summer Classic (Reserve)"]
[Site "Boise, ID"]
[Date "2013.08.18"]
[Round "5.6"]
[White "Sawyer, Paul"]
[Black "Pemsler, Alise Byer"]
[Result "0-1"]
[WhiteElo "406"]
[BlackElo "566"]
[EventRounds "5"]
[EventCountry "USA"]

1. a3 e5 2. e3 Nf6 3. d4 Nc6 4. Nf3 g6 5. dxe5 Ne4 6. Bd3 Nc5 7. Nd4 Nxd3+ 8.
cxd3 Bg7 9. Nxc6 bxc6 10. d4 O-O 11. O-O Ba6 12. Re1 c5 13. dxc5 Bxe5 14. Qd2
Rb8 15. Ra2 Rb5 16. c6 Bxh2+ 17. Kxh2 Rh5+ 18. Kg1 Qh4 19. cxd7 Qh1# 0-1

[Event "ICA Summer Classic (Extra Game)"]
[Site "Boise, ID"]
[Date "2013.08.18"]
[Round "0"]
[White "Fortune, Jonathan"]
[Black "Pemsler, Alise Byer"]
[Result "1-0"]
[WhiteElo "1702"]
[BlackElo "566"]
[EventCountry "USA"]

1. d4 d5 2. c4 Nf6 3. Nf3 Nc6 4. Nc3 e6 5. Bg5 Bd6 6. e3 O-O 7. Bd3 Nb4 8. c5
Be7 9. Bb1 h6 10. Bh4 b6 11. a3 Nc6 12. b4 bxc5 13. bxc5 g5 14. Bg3 g4 15. Ne5
Qd7 16. Nxd7 Bxd7 17. Bxc7 Rac8 18. Be5 Ne4 19. Qxg4+ Ng5 20. h4 Nxe5 21. dxe5
Bxc5 22. Ne2 Bb5 23. hxg5 hxg5 24. Qxg5# 1-0

[Event "SIO (Open)"]
[Site "Twin Falls, ID"]
[Date "2013.11.02"]
[Round "3.4"]
[White "Roland, Jeffrey T"]
[Black "Pemsler, Carmen"]
[Result "1/2-1/2"]
[WhiteElo "1735"]
[BlackElo "1628"]
[EventRounds "4"]
[EventCountry "USA"]

1. d4 f5 2. g3 Nf6 3. c4 g6 4. Bg2 Bg7 5. Nc3 d6 6. Nh3 O-O 7. O-O e5 8. dxe5
dxe5 9. Qb3 Kh8 10. Bxb7 Bxb7 11. Qxb7 Nbd7 12. Ng5 Nc5 13. Qc6 Nfd7 14. Nd5
h6 15. Nf3 e4 16. Nh4 Rf7 17. Nxg6+ Kh7 18. Ngf4 Rc8 19. Qg6+ Kg8 20. Be3 Ne5
21. Qh5 Ned7 22. Rad1 Qg5 23. b4 Na6 24. Qxg5 hxg5 25. Ne6 Bh6 26. Nxg5 Bxg5
27. Bxg5 Kg7 28. a3 Ne5 29. c5 Nc4 30. Rd4 Nxa3 31. Nf4 Nc2 32. Rc4 Naxb4 33.
h4 a5 {#d} 1/2-1/2

[Event "SIO (Reserve)"]
[Site "Twin Falls, ID"]
[Date "2013.11.02"]
[Round "1.4"]
[White "Knoll, Lucas"]
[Black "Pemsler, Alise Byer"]
[Result "1-0"]
[WhiteElo "1158"]
[BlackElo "553"]
[EventRounds "4"]
[EventCountry "USA"]

1. e4 e5 2. Nf3 Nf6 3. Bc4 Nc6 4. b3 Bc5 5. d3 Ng4 6. O-O O-O 7. h3 d6 8. hxg4
Bxg4 9. Be3 Nd4 10. Nbd2 b5 11. Bxd4 bxc4 12. Bxc5 dxc5 13. Nxc4 a5 14. Ncxe5
Bh5 15. Qd2 f6 16. Nc6 Qd7 17. Nxa5 f5 18. e5 Ra6 19. Qc3 Rh6 20. Qc4+ Rf7 21.
Ng5 Qe7 22. Nxf7 Rg6 23. Nh6+ Kf8 24. Qg8# 1-0

[Event "SIO (Reserve)"]
[Site "Twin Falls, ID"]
[Date "2013.11.02"]
[Round "3.4"]
[White "Pemsler, Alise Byer"]
[Black "Murphy, Andre R"]
[Result "0-1"]
[WhiteElo "553"]
[BlackElo "775"]
[EventRounds "4"]
[EventCountry "USA"]

1. e4 e6 2. d4 d5 3. Nc3 c5 4. dxc5 Bxc5 5. Nf3 Ne7 6. Bf4 O-O 7. Bb5 Bd7 8.
Bd3 Nbc6 9. exd5 exd5 10. O-O Nd4 11. Ng5 Bf5 12. Qh5 h6 13. Nh3 Qb6 14. Be5
Qg6 15. Qh4 Qg4 16. Qg3 Qxg3 17. fxg3 Bxd3 18. cxd3 Nc2+ 19. Nf2 Nxa1 20. Rxa1
f6 21. Nxd5 Nxd5 22. d4 fxe5 23. dxc5 Rac8 24. b4 Nxb4 25. Ng4 Rxc5 26. Rd1
Rfc8 27. Ne3 Rc1 28. a3 Rxd1+ 29. Nxd1 Rc1 30. axb4 Rxd1+ 31. Kf2 Rb1 32. g4
Rxb4 33. g5 Rb3 34. gxh6 a5 {#R} 0-1

[Event "Idaho Closed"]
[Site "Twin Falls, ID"]
[Date "2014.02.15"]
[Round "1.8"]
[White "Pemsler, Carmen"]
[Black "Murphy, Andre R"]
[Result "1-0"]
[WhiteElo "1561"]
[BlackElo "837"]
[EventRounds "6"]
[EventCountry "USA"]

1. c4 e6 2. Nc3 c5 3. e4 Nc6 4. Nge2 Bd6 5. d3 a6 6. a4 Be5 7. Be3 d6 8. g3
Nd4 9. Bg2 Ne7 10. O-O O-O 11. Rb1 Bd7 12. b4 Rb8 13. bxc5 dxc5 14. f4 Nxe2+
15. Nxe2 Bd4 16. Nxd4 cxd4 17. Bf2 Qa5 18. Bxd4 Bxa4 19. Qg4 g6 20. Qh4 f6 21.
Bxf6 Rxf6 22. Qxf6 Qc5+ 23. d4 Qd6 24. c5 Qd7 25. Bh3 Nf5 26. exf5 Rf8 27.
fxe6 Rxf6 28. exd7 Rf8 29. Rfe1 {#r} 1-0

[Event "Idaho Closed"]
[Site "Twin Falls, ID"]
[Date "2014.02.15"]
[Round "1.10"]
[White "Imamovic, Nedzad"]
[Black "Pemsler, Alise Byer"]
[Result "1-0"]
[WhiteElo "1414"]
[BlackElo "539"]
[EventRounds "6"]
[EventCountry "USA"]

1. e4 e5 2. Nf3 Nc6 3. Bc4 Bc5 4. Nc3 d6 5. h3 Be6 6. Bxe6 Nf6 7. Bc4 O-O 8.
d3 g5 9. Bxg5 h6 10. Bxh6 Nb4 11. Qd2 Qd7 12. Qg5+ Kh7 13. Qg7# 1-0

[Event "Idaho Closed"]
[Site "Twin Falls, ID"]
[Date "2014.02.15"]
[Round "2.11"]
[White "Pemsler, Alise Byer"]
[Black "Knoll, Lucas"]
[Result "0-1"]
[WhiteElo "539"]
[BlackElo "1203"]
[EventRounds "6"]
[EventCountry "USA"]

1. d4 d5 2. Bf4 Nf6 3. e3 Bf5 4. Nf3 e6 5. c3 c5 6. Bb5+ Nc6 7. O-O Bd6 8.
Nbd2 Bxf4 9. exf4 Qb6 10. a4 O-O 11. c4 a6 12. a5 Qa7 13. Bxc6 bxc6 14. Ng5
cxd4 15. Qe2 d3 16. Qe5 Rfd8 17. Rae1 dxc4 18. g4 Nxg4 19. Nxc4 Nxe5 20. Nxe5
Qc5 21. Nexf7 Rf8 22. Rd1 Rxf7 23. Rxd3 Bxd3 24. Nxe6 Qd6 25. Ng5 Bxf1 26.
Kxf1 Qxf4 27. Ne6 Qxf2# 0-1